Szczegóły MARC21

Przeobrażenia strukturalne transportu morskiego w świetle przebiegu i oddziaływania długich cykli koniunktury /

003 -Nazwa inst., której nr kontr. jest w polu 001 [,]
    • @
    • Nazwa instytucji, której n kontrolny jest w polu 001
    • NUKAT
005 -DATA I CZAS OSTATNIEJ MODYFIKACJI [,]
    • @
    • pole kontrolne
    • 20241231103658.0
020 -Międzynarod. znormalizowany nr książki - ISBN [ , ]
    • z
    • Błędny ISBN (P)
    • 8370712393 Find
040 -Instytucja sporządzająca opis [ , ]
    • a
    • Instytucja, która sporządziła opis (NP)
    • GD U/ASO
    • c
    • Instytucja, która sporządziła rekord (NP)
    • GD U/ASO
    • d
    • Instytucja, która zmodyfikowała rekord (P)
    • GD U/Jaga
    • d
    • Instytucja, która zmodyfikowała rekord (P)
    • GD U/AEKs
041 -Język dokumentu [0, ]
    • a
    • Język tekstu (P)
    • polski
    • b
    • Język streszczeń lub abstraktu (P)
    • angielski
    • b
    • Język streszczeń lub abstraktu (P)
    • rosyjski
942 -Rodzaj dokumentu [ , ]
    • c
    • Rodzaj dokumentu
    • Książka
100 -Hasło główne - nazwa osobowa [1, ]
    • a
    • Nazwa osobowa (NP)
    • Rucińska, Danuta
    • d
    • Daty biograficzne (NP)
    • (1946- ).
    • 9
    • KHW
    • 25995
245 -Strefa tytułu i oznaczenia odpowiedzialności [1,0]
    • a
    • Tytuł
    • Przeobrażenia strukturalne transportu morskiego w świetle przebiegu i oddziaływania długich cykli koniunktury / Find
    • c
    • Pozostałe elementy strefy tytułu i oznaczenia odpowiedzialności (NP)
    • Danuta Rucińska.
260 -Strefa adresu wydawniczego [ , ]
    • a
    • Miejsce wydania (P)
    • Gdańsk :
    • b
    • Nazwa wydawcy (P)
    • UG,
    • c
    • Data wydania (P)
    • 1989.
300 -Strefa opisu fizycznego [ , ]
    • a
    • Określenie formy książki i/lub objętość (NP)
    • 223 s., 4 k. tabl. złoż. :
    • b
    • Oznaczenie ilustracji (NP)
    • wykr. ;
    • c
    • Format (NP)
    • 24 cm.
336 -Typ zawartości [ , ]
    • a
    • Termin opisujący typ zawartości
    • Tekst
    • b
    • Kod określający zawartość
    • txt
    • 2
    • Źródło (terminu i kodu)
    • rdacontent
337 -Typ mediów [ , ]
    • a
    • Tryb odtwarzania
    • Bez urządzenia pośredniczącego
    • b
    • Kod typu mediów
    • n
    • 2
    • Źródło (terminu i kodu)
    • rdamedia
338 -Typ/rodzaj nośnika [ , ]
    • a
    • Hasło opisujące typ nośnika
    • Wolumin
    • b
    • Kod typu nośnika
    • nc
    • 2
    • Źródło (terminu i kodu)
    • rdacarrier
490 -Strefa serii i książki wielotomowej - forma nie do wyszukiwania [1, ]
    • a
    • Tytuł (P)
    • Zeszyty Naukowe / Uniwersytet Gdański. Rozprawy i Monografie ; Find
    • v
    • Numeracja (P)
    • 136
830 -Hasło dodatkowe serii i opisu książki wielotomowej - tytuł ujednolicony/tytuł [ ,0]
    • a
    • Tytuł ujednolicony/tytuł (NP)
    • Zeszyty Naukowe - Uniwersytet Gdański.
    • p
    • Nazwa części/podserii/sekcji (P)
    • Rozprawy i Monografie
    • x
    • ISSN
    • 0239-5894
    • v
    • Oznaczenie tomu (NP)
    • nr 136
    • 9
    • KHW
    • 21221
504 -Uwaga dot. bibliogr. załącznikowej [ , ]
    • a
    • Uwaga dot. bibliografii załącznikowej
    • Bibliogr. s. [194]-210.
546 -Uwaga dot. języka [ , ]
    • a
    • Uwaga dot. języka
    • Streszcz. ang., ros.
080 -Uniwersalna Klasyfikacja Dziesiętna [ , ]
    • a
    • Symbol klasyfikacji
    • 330.33.012
080 -Uniwersalna Klasyfikacja Dziesiętna [ , ]
    • a
    • Symbol klasyfikacji
    • :656.61
650 -Hasło przedmiotowe [ ,7]
    • a
    • Hasło przedmiotowe
    • Transport morski
    • x
    • Określnik rzeczowy
    • aspekt ekonomiczny.
    • 2
    • Źródło terminu
    • kaba
    • 9
    • KHW
    • 349966
980 -Symbol UKD [ , ]
    • a
    • UKD
    • 330.33.012:656.61
920 -ISBN [ , ]
    • z
    • Błędny ISBN
    • 83-7071-239-3 Find
Data inwentaryzacji Lokalizacja Status udost. Numer inwentarzowy Sygnatura
1999-02-02BE-2E.59152 
1999-02-02BE2S.69309 
1999-02-02T-11TS.69308TS.69308